000
00354nam a2200145Ia 4500
008
220104s9999 xx 000 0 und d
100
_a
George K T
245
0
_a
By-products and ancillary sources of income
650
_a
By-products
650
_a
Rubber seed
650
_a
Rubber seed oil
700
_a
Nehru C R
700
_a
Reghu C P
942
_c
BE
999
_c
47653
_d
47653